| 000 | 00795nam a2200241Ia 4500 | ||
|---|---|---|---|
| 005 | 20211111080525.0 | ||
| 008 | 130821s1982 sp ab gr spa | ||
| 020 | _a8474239478 | ||
| 040 |
_aCo-BoUCM _bspa |
||
| 041 | 0 | 0 | _aspa |
| 100 | 1 |
_aFontana, Joseph _9164987 |
|
| 245 | 1 | 0 |
_aHistoria análisis del pasado y proyecto social _cJosep Fontana |
| 260 |
_aBarcelona (España) _bCrítica _c1982 |
||
| 300 |
_a353 páginas _bilustraciones, mapas |
||
| 490 | 0 |
_aCrítica. _v6. _aBiblioteca de Bolsillo |
|
| 504 | _aIncluye referencias bibliográficas e índice. | ||
| 650 | 0 | 4 |
_aArqueología _998 |
| 650 | 0 | 4 |
_aGeografía histórica _916349 |
| 650 | 0 | 4 |
_aHistoria _97695 |
| 650 | 0 | 4 |
_aHistoriografía _916967 |
| 942 |
_cLIBRO _2DEWEY _a21 _e1 _h902 _mF679h |
||
| 999 |
_c59437 _d59437 |
||